The great controversy and the end of evil : (Record no. 25268)

MARC details
000 -LEADER
fixed length control field 04395nam a2200613Ii 4500
001 - CONTROL NUMBER
control field 913555535
003 - CONTROL NUMBER IDENTIFIER
control field AUA.1
005 - DATE AND TIME OF LATEST TRANSACTION
control field 20251120180510.0
008 - FIXED-LENGTH DATA ELEMENTS--GENERAL INFORMATION
fixed length control field 150709s2015 mdu 010 0 eng d
020 ## - INTERNATIONAL STANDARD BOOK NUMBER
International Standard Book Number 9780925675224
020 ## - INTERNATIONAL STANDARD BOOK NUMBER
International Standard Book Number 0925675229
035 ## - SYSTEM CONTROL NUMBER
System control number (OCoLC)913555535
040 ## - CATALOGING SOURCE
Original cataloging agency EXN
Language of cataloging eng
Description conventions rda
Transcribing agency EXN
Modifying agency JTL
050 ## - LIBRARY OF CONGRESS CALL NUMBER
Classification number BX6121.3
Item number .G74 2015
245 04 - TITLE STATEMENT
Title The great controversy and the end of evil :
Remainder of title Biblical and theological studies in honor of Ángel Manuel Rodríguez in celebration of his seventieth birthday /
Statement of responsibility, etc Gerhard Pfandl, editor.
260 ## - PUBLICATION, DISTRIBUTION, ETC. (IMPRINT)
Place of publication, distribution, etc Silver Spring, Maryland :
Name of publisher, distributor, etc Review and Herald Publishing Association;
Date of publication, distribution, etc 2015.
300 ## - PHYSICAL DESCRIPTION
Extent xlvi, 312 pages ;
Dimensions 24 cm.
504 ## - BIBLIOGRAPHY, ETC. NOTE
Bibliography, etc Includes bibliographical references and indexes.
505 00 - FORMATTED CONTENTS NOTE
Title Doing right in their own eyes: the Great Controversy in the Book of Judges /
Statement of responsibility David Tasker --
Title Job 1 and the Great Controversy /
Statement of responsibility Daniel Bediako --
Title Who is Job's Satan? /
Statement of responsibility Lael Caesar --
Title Job's Gō'ēl: advocate, avenger, intercessor, redeemer /
Statement of responsibility Gordon E. Christo --
Title Theodicy in the Psalms: a view from the sanctuary /
Statement of responsibility Elias Brasil de Souza --
Title Ezekiel 28:11-19 and the rise of the cosmic conflict /
Statement of responsibility Richard M. Davidson --
Title Reading Malachi with a Queen: the other side of Hadassah's story /
Statement of responsibility Efraín Velázquez II -- The Alpha-Omega and the Great Controversy in Revelation /
-- Richard Sabuin --
Title Neo-atheist and other recent attacks on the character of God: a case of theodicy /
Statement of responsibility Jiří Moskala --
Title The Great Controversy: perspectives of Hastings and White /
Statement of responsibility Alberto R. Timm --
Title Immanuel - God with us /
Statement of responsibility Gudmundur Olafsson --
Title The sin offering and forgiveness /
Statement of responsibility Gerhard Pfandl --
Title Sanctuary and proclamation /
Statement of responsibility Niels-Erik Andreasen --
Title "She shall call his name Immanuel": a messianic exegesis of Isaiah 7:13, 14 /
Statement of responsibility Jacques Doukhan --
Title Does John 1:1-3 teach Jesus is God? /
Statement of responsibility Ganoune Diop --
Title The Word is God /
Statement of responsibility George E. Rice --
Title Facing evil and finding atonement: the crossroad of Jesus' passion in 1 Peter 2 /
Statement of responsibility Tom Shepherd --
Title Experiencing atonement as a microcosm of the cosmic conflict /
Statement of responsibility Clinton Wahlen --
Title The revelation of his righteousness /
Statement of responsibility Ed Zinke --
Title "From the wilderness to the promised land": echoes of Numbers in the Book of Revelation /
Statement of responsibility Gerald A. Klingbeil --
Title Resurrection in the Old Testament: hazy hope or certain promise? /
Statement of responsibility Greg A. King --
Title Evolutionary thought, spiritualism, and the end of time /
Statement of responsibility Kwabena Donkor --
Title Eschatological expectations in Ephesians /
Statement of responsibility John McVay --
Title Revelation's perspective on persecution /
Statement of responsibility Ekkehardt Mueller -- "It's over: the end" the coming of Jesus in the Book of Revelation /
-- Ingo Sorke --
Title "Behold I come quickly". . . but we are still here /
Statement of responsibility Jo Ann Davidson --
Title Ellen White on eschatology and the end of evil /
Statement of responsibility Cindy Tutsch.
610 20 - SUBJECT ADDED ENTRY--CORPORATE NAME
Corporate name or jurisdiction name as entry element Seventh-day Adventists
General subdivision Doctrines.
650 #0 - SUBJECT ADDED ENTRY--TOPICAL TERM
Topical term or geographic name as entry element Theodicy.
650 #0 - SUBJECT ADDED ENTRY--TOPICAL TERM
Topical term or geographic name as entry element Salvation.
650 #0 - SUBJECT ADDED ENTRY--TOPICAL TERM
Topical term or geographic name as entry element Eschatology.
650 #0 - SUBJECT ADDED ENTRY--TOPICAL TERM
Topical term or geographic name as entry element Sanctuary doctrine (Seventh-day Adventists)
700 1# - ADDED ENTRY--PERSONAL NAME
Personal name Rodríguez, Ángel Manuel
Relator term Honoree.
9 (RLIN) 50506
700 1# - ADDED ENTRY--PERSONAL NAME
Personal name Andreasen, Niels-Erik A.
Relator term contributor.
9 (RLIN) 25955
700 1# - ADDED ENTRY--PERSONAL NAME
Personal name Bediako, Daniel Kwame
Relator term contributor.
700 1# - ADDED ENTRY--PERSONAL NAME
Personal name Caesar, Lael O.
Relator term contributor.
700 1# - ADDED ENTRY--PERSONAL NAME
Personal name Christo, Gordon E.
Relator term contributor.
700 1# - ADDED ENTRY--PERSONAL NAME
Personal name Davidson, Richard M.,
Dates associated with a name 1946-.
Relator term contributor.
700 1# - ADDED ENTRY--PERSONAL NAME
Personal name Davidson, Jo Ann
Relator term contributor.
700 1# - ADDED ENTRY--PERSONAL NAME
Personal name Souza, Elias Brasil de
Relator term contributor.
700 1# - ADDED ENTRY--PERSONAL NAME
Personal name Donkor, Kwabena
Relator term contributor.
700 1# - ADDED ENTRY--PERSONAL NAME
Personal name Doukhan, Jacques
Relator term contributor.
700 1# - ADDED ENTRY--PERSONAL NAME
Personal name Diop, Ganoune
Relator term contributor.
9 (RLIN) 8403
700 1# - ADDED ENTRY--PERSONAL NAME
Personal name King, Greg A.
Relator term contributor.
700 1# - ADDED ENTRY--PERSONAL NAME
Personal name Klingbeil, Gerald A.
Relator term contributor.
700 1# - ADDED ENTRY--PERSONAL NAME
Personal name McVay, John
Relator term contributor.
9 (RLIN) 16732
700 1# - ADDED ENTRY--PERSONAL NAME
Personal name Moskala, Jiří
Relator term contributor.
700 1# - ADDED ENTRY--PERSONAL NAME
Personal name Mueller, Ekkehardt
Relator term contributor.
700 1# - ADDED ENTRY--PERSONAL NAME
Personal name Pfandl, Gerhard
Relator term editor
-- contributor.
700 1# - ADDED ENTRY--PERSONAL NAME
Personal name Olafsson, Gudmundur
Relator term contributor.
700 1# - ADDED ENTRY--PERSONAL NAME
Personal name Rice, George E.
Relator term contributor.
700 1# - ADDED ENTRY--PERSONAL NAME
Personal name Sabuin, Richard A.
Relator term contributor.
700 1# - ADDED ENTRY--PERSONAL NAME
Personal name Shepherd, Thomas R.
Relator term contributor.
700 1# - ADDED ENTRY--PERSONAL NAME
Personal name Sorke, Ingo W.
Relator term contributor.
700 1# - ADDED ENTRY--PERSONAL NAME
Personal name Tasker, David
Relator term contributor.
700 1# - ADDED ENTRY--PERSONAL NAME
Personal name Timm, Alberto R.
Relator term contributor.
9 (RLIN) 17364
700 1# - ADDED ENTRY--PERSONAL NAME
Personal name Tutsch, Cindy
Relator term contributor.
700 1# - ADDED ENTRY--PERSONAL NAME
Personal name Velázquez, Efraín
Relator term contributor.
700 1# - ADDED ENTRY--PERSONAL NAME
Personal name Wahlen, Clinton
Relator term contributor.
700 1# - ADDED ENTRY--PERSONAL NAME
Personal name Zinke, Ed
Relator term contributor.
942 ## - ADDED ENTRY ELEMENTS (KOHA)
Source of classification or shelving scheme Library of Congress Classification
Koha item type Books
Classification part BX 6121.3
Item part .G74 2015
Holdings
Withdrawn status Lost status Source of classification or shelving scheme Damaged status Not for loan Collection code Home library Current library Shelving location Date acquired Source of acquisition Cost, normal purchase price Serial Enumeration / chronology Total Checkouts Full call number Barcode Date last seen Cost, replacement price Price effective from Koha item type
    Library of Congress Classification     Books Judith Thomas Library Judith Thomas Library General Stacks 20/11/2025 Bought by JTL 10.00 AUA28016   BX 6121.3 .G74 2015 AUA28016 20/11/2025 10.00 20/11/2025 Books